00499cam a22001815i 45000010009000000050017000090080041000260200018000670400013000850820017000981000019001152450092001342600036002263000011002626500013002736500021002866500010003072105174020211209094810.0190702s2019 mau 000 0 eng  a9780081027493 cPK-LaUMT a615.6bFIN-M1 aFinlay, Warren14aThe mechanics of inhaled pharmaceutical aerosols :ban introduction /cby Warren Finlay aLondon :bAcademic Press,c2019 a290 p. aAerosols aAerosol theraphy aFluid